000 00526nam a2200169Ia 4500
005 20250424120310.0
008 250424s9999 xx 000 0 und d
022 _a07941412
050 _aLB 1025.3 .N54/
245 0 _aNigeria journal of professional teachers
260 _aAbuja
260 _b Teachers Registration Council of Nigeria
260 _c2010
300 _av. ; 29 cm.
650 _aTeaching--Nigeria--Periodicals. Teachers--Training of--Nigeria--Periodicals. Education--Nigeria--Periodicals.
942 _cSR
999 _c38524
_d38524